100 Biggest Cities of the Central United States in 1840 with a Map - Statistics

General Stats
  • This quiz has been taken 189 times
  • The average score is 39 of 100
Answers on the Map
Answers color-coded by a green-red scale on the quiz's map according to % correct below.
 
Answer Stats
Pop. State or
Territory
City % Correct
4,470 IL Chicago
98%
102,193 LA New Orleans
97%
6,071 OH Cleveland
96%
6,929 TN Nashville
96%
16,469 MO St. Louis
95%
46,338 OH Cincinnati
94%
6,048 OH Columbus
94%
9,102 MI Detroit
94%
1,800 TN Memphis
94%
1,712 WI Milwaukee
94%
2,692 IN Indianapolis
91%
1,500 AR Little Rock
91%
12,672 AL Mobile
91%
2,269 LA Baton Rouge
90%
21,210 KY Louisville
89%
2,579 IL Springfield
88%
2,062 OH Springfield
88%
1,222 OH Toledo
87%
2,179 AL Montgomery
86%
6,997 KY Lexington
81%
1,354 MO Lexington
81%
1,500 WI Green Bay
80%
1,664 OH Akron
78%
1,500 TN Knoxville
78%
6,067 OH Dayton
75%
1,273 MI Jackson
72%
2,496 AL Huntsville
69%
1,580 IN Fort Wayne
65%
3,207 LA Lafayette
58%
1,570 IN Lafayette
58%
1,949 AL Tuscaloosa
58%
1,467 IL Peoria
57%
1,200 TN Columbia
56%
3,104 MS Vicksburg
52%
1,917 KY Frankfort
50%
1,799 OH Canton
47%
1,400 KY Bowling Green
44%
2,558 IL Joliet
44%
1.433 OH Sandusky
39%
1,500 TN Murfreesboro
38%
4,800 MS Natchez
36%
1,199 AL Selma
36%
2,076 IN Terre Haute
35%
3,798 IN Madison
34%
1,703 MI Monroe
34%
2,026 KY Covington
32%
4,766 OH Zanesville
30%
1,500 TN Franklin
29%
1,409 OH Hamilton
29%
1,441 MO St. Charles
26%
2,319 IL Quincy
25%
1,500 AL Florence
24%
4,247 OH Steubenville
23%
1,328 OH Mansfield
21%
2,070 IN Richmond
21%
1,996 OH Warren
21%
1,913 OH Xenia
21%
1,544 OH Portsmouth
20%
4,226 IN New Albany
19%
1,700 IN Jeffersonville
18%
2,340 IL Alton
17%
3,977 OH Chillicothe
17%
2,705 OH Newark
16%
1,900 IL Jacksonville
15%
3,272 OH Lancaster
15%
1,814 OH Marietta
15%
1,351 OH Troy
14%
1,843 IL Galena
13%
1,228 IL Belleville
12%
1,400 KY Newport
12%
1,581 KY Hopkinsville
11%
2,450 IL Nauvoo
11%
1,197 KY Paris
11%
1,792 IN Vincennes
11%
1,511 KY Georgetown
10%
1,528 OH Lebanon
10%
1,500 TN Lebanon
10%
1,300 LA Natchitoches
10%
2,329 OH Circleville
9%
2,741 KY Maysville
9%
1,913 OH Wooster
9%
1,403 IN Cambridge City
8%
1,634 OH Bucyrus
7%
1,223 KY Danville
7%
1,420 OH Massillon
7%
2,363 OH Mount Vernon
7%
1,480 OH Piqua
7%
1,492 KY Bardstown
6%
1,672 MO Boonville
6%
1,327 IN Crawfordsville
5%
1,196 KY Russellville
5%
1,413 OH Gallipolis
4%
1,254 KY Harrodsburg
4%
2,000 AL Tuscumbia
4%
1,200 OH Germantown
3%
1,300 TN Pulaski
3%
1,200 AL Gainesville
2%
1,490 OH New Lisbon
2%
1,577 OH Ohio City
2%
2,600 AL Wetumpka
2%
No matching quizzes found
Score Distribution
Percent of People with Each Score
Percentile by Number Answered
Your Score History
You have not taken this quiz